000 00593nam a2200205Ii 4500
001 4365
003 CO-ViMGA
008 241108s9999||||xx |||||||||||||| ||und||
040 _aCO-ViMGA
_bspa
_erda
_cCO-ViMGA
041 0 _aspa
082 0 4 _a570 L633
100 1 _aTheo Lobsack
_952344
245 1 0 _aEl Aliento de la Tierra:
_bMaravillas y Enigmas del aire
264 1 _aMadrid, EspaƱa : Labor, 1959
300 _avolumen
336 _atext
_btxt
_2rdacontent
337 _aunmediated
_bn
_2rdamedia
338 _avolume
_bnc
_2rdacarrier
940 _aidficha_siabuc: 4267. -- ficha_no_siabuc:4365
999 _c47128
_d47128